<?xml version="1.0" encoding="UTF-8"?><?xml-stylesheet type="text/xsl" href="static/style.xsl"?><OAI-PMH xmlns="http://www.openarchives.org/OAI/2.0/" xmlns:xsi="http://www.w3.org/2001/XMLSchema-instance" xsi:schemaLocation="http://www.openarchives.org/OAI/2.0/ http://www.openarchives.org/OAI/2.0/OAI-PMH.xsd"><responseDate>2026-04-17T18:41:44Z</responseDate><request verb="GetRecord" identifier="oai:www.recercat.cat:2072/467456" metadataPrefix="marc">https://recercat.cat/oai/request</request><GetRecord><record><header><identifier>oai:recercat.cat:2072/467456</identifier><datestamp>2025-05-08T14:00:58Z</datestamp><setSpec>com_2072_98</setSpec><setSpec>col_2072_378192</setSpec></header><metadata><record xmlns="http://www.loc.gov/MARC21/slim" xmlns:dcterms="http://purl.org/dc/terms/" xmlns:xsi="http://www.w3.org/2001/XMLSchema-instance" xmlns:doc="http://www.lyncode.com/xoai" xsi:schemaLocation="http://www.loc.gov/MARC21/slim http://www.loc.gov/standards/marcxml/schema/MARC21slim.xsd">
   <leader>00925njm 22002777a 4500</leader>
   <datafield ind2=" " ind1=" " tag="042">
      <subfield code="a">dc</subfield>
   </datafield>
   <datafield ind2=" " ind1=" " tag="720">
      <subfield code="a">Valentines-Álvarez, Jaume</subfield>
      <subfield code="e">author</subfield>
   </datafield>
   <datafield ind2=" " ind1=" " tag="720">
      <subfield code="a">Macaya-Andrés, Ana</subfield>
      <subfield code="e">author</subfield>
   </datafield>
   <datafield ind2=" " ind1=" " tag="260">
      <subfield code="c">2019</subfield>
   </datafield>
   <datafield ind2=" " ind1=" " tag="520">
      <subfield code="a">Ajuts: Funding Information: Fundação para a Ciência e a Tecnologia, Portugal (through CIUHCT, UID/HIS/00286/2019); ERC/SNSF Consolidator Grant (BSCGI0_157787, Université de Genève)</subfield>
   </datafield>
   <datafield ind2=" " ind1=" " tag="520">
      <subfield code="a">In the mid-1970s, the fascist-leaning dictatorships in Spain (1939-1977) and Portugal (1933-1974) fell. Closely linked to the 1973 oil crisis, debates over energy and technology policies became very prominent during the ensuing political redefinition of both countries. Two decades after the first international agreements between the Iberian regimes and the United States for the development of nuclear programs, a myriad of movements of social resistance to nuclear technology emerged in dialogue with anti-nuclear organizations in other European countries. Fun and playfulness have been used for top-down popularization and banalization of nuclear technologies since the 1950s, but here pleasant forms of resistance also played a central role in contesting national energy plans, expert discourses, and vested interests. This article explores what we call "anti-nuclear fun," the use of amusement, play, and humor as political and epistemic tools to familiarize society with the exceptional and daily risks of the "peaceful atom.".</subfield>
   </datafield>
   <datafield tag="653" ind2=" " ind1=" ">
      <subfield code="a">Anti-nuclear movement</subfield>
   </datafield>
   <datafield tag="653" ind2=" " ind1=" ">
      <subfield code="a">Counter-culture</subfield>
   </datafield>
   <datafield tag="653" ind2=" " ind1=" ">
      <subfield code="a">Dissident experts</subfield>
   </datafield>
   <datafield tag="653" ind2=" " ind1=" ">
      <subfield code="a">Emotions of protest</subfield>
   </datafield>
   <datafield tag="653" ind2=" " ind1=" ">
      <subfield code="a">Portugal</subfield>
   </datafield>
   <datafield tag="653" ind2=" " ind1=" ">
      <subfield code="a">Scientific ignorance</subfield>
   </datafield>
   <datafield tag="653" ind2=" " ind1=" ">
      <subfield code="a">Spain</subfield>
   </datafield>
   <datafield ind2="0" ind1="0" tag="245">
      <subfield code="a">Making fun of the atom : Humor and pleasant forms of anti-nuclear resistance in the Iberian Peninsula, 1974-1984</subfield>
   </datafield>
</record></metadata></record></GetRecord></OAI-PMH>